Comment fonctionne un ordinateur: les systèmes d'exploitation
I tiakina i:
| Kaituhi matua: | |
|---|---|
| Hōputu: | Pukapuka |
| Reo: | Wīwī |
| I whakaputaina: |
París
Dunod
1970
|
| Rangatū: | La Vie de l'Entreprise
|
| Ngā marau: | |
| Ngā Tūtohu: |
Tāpirihia he Tūtohu
Kāore He Tūtohu, Me noho koe te mea tuatahi ki te tūtohu i tēnei pūkete!
|
MARC
| LEADER | 00000nam a2200000 a 4500 | ||
|---|---|---|---|
| 001 | UCQ1722 | ||
| 003 | CL-VaPUC | ||
| 008 | 980721e19700000FR |||||||||||||||||fre|d | ||
| 082 | 0 | 4 | |a 004 |b DEL |2 21 |
| 100 | 0 | |a Delvallée, B |e author |9 415465 | |
| 245 | 1 | 0 | |a Comment fonctionne un ordinateur: les systèmes d'exploitation |
| 300 | |a 122 p | ||
| 942 | |c BK | ||
| 945 | |d 19980721 00:00:00 |a cmena | ||
| 260 | |a París |b Dunod |c 1970 | ||
| 650 | 0 | |a Computadores |9 258188 | |
| 650 | 7 | |a HARDWARE |2 CL-VaPUC |9 345461 | |
| 650 | 0 | |a Programación de computadores |9 259531 | |
| 650 | 0 | |a Software |9 387312 | |
| 583 | |a last modification |c 19980721 00:00:00 |k Rodrigo Vera | ||
| 490 | 0 | |a La Vie de l'Entreprise | |
| 999 | |c 272566 |d 272564 | ||
| 952 | |0 0 |1 0 |4 0 |6 004_000000000000000_DEL_1970 |7 0 |8 P |9 307675 |a BIBGIM |b BIBGIM |d 2019-11-20 |i 1437364 |o 004 DEL 1970 |p 1437364 |r 2025-01-15 |w 2019-11-20 |y BK |k COM | ||